Statistics for NFL draft highest picked Special Teams player

Click here to take the quiz!

General Stats

  • This quiz has been taken 19 times
  • The average score is 3 of 12

Answer Stats

Year,Round,Pick,Team,PositionAnswer% Correct
2021,5,149,Bengals,KEvan McPherson
77%
2018,5,149,Seahawks,PMichael Dickson
54%
2019,4,110,49ers,PMitch Wishnowsky
38%
2012,3,70,Jaguars,PBryan Anger
31%
2016,2,59,Buccaneers,KRoberto Aguayo
23%
2017,5,153,Bengals,KJake Elliott
15%
2020,5,159,Patriots,KRoss Rohrwasser
15%
2015,5,165,49ers,PBradley Pinion
8%
2014,6,191,Bears,PPat O'Donnell
8%
2011,4,120,Eagles,KAlex Henery
0%
2013,5,155,Vikings,PJeff Locke
0%
2010,5,150,Patriots,PZoltan Mesko
0%

Score Distribution

Percentile by Number Answered

Percent of People with Each Score

Your Score History

You have not taken this quiz